Il religioso in Kierkegaard. Atti del convegno di studi organizzato dalla Società Italiana per gli Studi Kierkegaardiani tenutosi dal 14 al 16 dicembre 2000 a Venezia, éd. I. Adinolfi, coll. Filosofia n.s. 5, Brescia, Morcelliana, 2002, 21x15, 449 p., 28.50 €. ISBN 88-372-1867-2 (notice n° 1620779)
[ vue normale ]
| 000 -LEADER | |
|---|---|
| fixed length control field | 00690cam a2200133 4500500 |
| 005 - DATE AND TIME OF LATEST TRANSACTION | |
| control field | 20260111091251.0 |
| 041 ## - LANGUAGE CODE | |
| Language code of text/sound track or separate title | fre |
| 042 ## - AUTHENTICATION CODE | |
| Authentication code | dc |
| 245 00 - TITLE STATEMENT | |
| Title | Il religioso in Kierkegaard. Atti del convegno di studi organizzato dalla Società Italiana per gli Studi Kierkegaardiani tenutosi dal 14 al 16 dicembre 2000 a Venezia, éd. I. Adinolfi, coll. Filosofia n.s. 5, Brescia, Morcelliana, 2002, 21x15, 449 p., 28.50 €. ISBN 88-372-1867-2 |
| 260 ## - PUBLICATION, DISTRIBUTION, ETC. | |
| Date of publication, distribution, etc. | 2005.<br/> |
| 500 ## - GENERAL NOTE | |
| General note | 51 |
| 786 0# - DATA SOURCE ENTRY | |
| Note | Nouvelle revue théologique | 127 | 4 | 2005-12-15 | p. 666n-679n | 0029-4845 |
| 856 41 - ELECTRONIC LOCATION AND ACCESS | |
| Uniform Resource Identifier | <a href="https://shs.cairn.info/revue-nouvelle-revue-theologique-2005-4-page-666n?lang=fr&redirect-ssocas=7080">https://shs.cairn.info/revue-nouvelle-revue-theologique-2005-4-page-666n?lang=fr&redirect-ssocas=7080</a> |
Pas d'exemplaire disponible.




Réseaux sociaux